000
00312nam a2200109Ia 4500
008
190723s9999 xx 000 0 und d
100
_a
Robin McNeill
245
0
_a
Multi Dimensional Manager 24 ways to impact your bottom line in 90 days
260
_a
New York
_b
McGraw Hil
_c
1996
300
_a
130.:P
942
_c
BK
999
_c
1382
_d
1382